00237nam a2200097Ia 4500008004100000082001600041100002000057245003000077260002000107600001200127241002s9999 xx 000 0 und d a952.046 STO aStorry, Richard 2aA History of Modern Japan aNew York:c1960 aHistory